000
00311nam a2200109Ia 4500
008
220204s9999 xx 000 0 und d
082
_a
31:631(540)
_b
IND
245
0
_a
Price statistics of agricultural commodities
260
_a
New Delhi
_b
Ministry of Agriculture
_c
1950
650
_a
Price statistics
942
_c
BK
999
_c
19906
_d
19906